| 000 | 00822nam a2200217 i 4500 | ||
|---|---|---|---|
| 001 | 189425 | ||
| 003 | ES-MaACL | ||
| 005 | 20230906223453.0 | ||
| 008 | 190531s1960 sp |||| | spa d | ||
| 100 | 1 |
_aStöckl, Melchior. _9167187 |
|
| 245 | 1 | 0 |
_aTécnica de las medidas eléctricas / _cpor el Prof. Ing. Melchior Stöckl ; traducción de la primera edición alemana por el Prof. Dr. José Mª Vidal Llenas. |
| 260 |
_aBarcelona : _bLabor, _c1960. |
||
| 300 |
_aXIX, 316 p. : _bil. ; _c23 cm. |
||
| 490 | 1 |
_aElectrotecnia general y aplicada ; _v4 |
|
| 504 | _aBibliografía: p. 306-307. Índice. | ||
| 650 | 0 | 4 |
_aMedidas eléctricas. _914946 |
| 700 | 1 |
_aVidal Llenas, José María. _9114499 |
|
| 830 | 0 |
_aElectrotecnia general y aplicada ; _v4 _9187153 |
|
| 852 |
_aES-MaACL _jP-559-3 |
||
| 999 |
_c189425 _d189425 |
||